000 00359nam a2200133Ia 4500
008 240624s9999 xx 000 0 und d
041 _aeng
082 _a791.4302 LEV
100 _aLEVY LAWRENCE
245 _aTO PIXAR AND BEYOND MY UNLIKELY JOURNEY
260 _c2016
_aNew York
_bHoughton Mifflin Harcourt
300 _axii, 259 p.; 23 cm.
365 _c
_b38
999 _c31635
_d31635